| 000 | 00426cam a22001337a 4500 | ||
|---|---|---|---|
| 008 | 180718b1972 xxu||||| |||| 00| 0 eng d | ||
| 082 | _aT2x54 N153 | ||
| 100 | _aNandi, Kesab Lal | ||
| 245 |
_aGrowth in selected Indian industries (more facets of industrial planning in a growing democracy) _cby Kesab Lal Nandi |
||
| 260 |
_aCalcutta _bWorld Press _c1972 |
||
| 300 | _a146p. | ||
| 500 | _aRs.25.00 | ||
| 650 | _aIndustry - India | ||
| 999 |
_c349649 _d349649 |
||